Rozponaj zawodnika FC Barcelony #7 - Statystyki

Ogólne statystyki
  • Ten quiz został rozwiązany 49 razy
  • Średni wynik to 8 z 16
Statystyki odpowiedzi
Obrazkowy Odpowiedź % Poprawnych
Marc-André ter Stegen
100%
Xavi
88%
Thierry Henry
85%
Ivan Rakitić
82%
Pierre-Emerick Aubameyang
79%
Arda Turan
73%
Sergiño Dest
64%
Ricardo Quaresma
52%
Marc Bartra
42%
Eric García
39%
Frank de Boer
27%
Thiago Motta
21%
Nolito
18%
Gabriel Milito
15%
Maxwell
15%
Tito Vilanova
3%
Nie znaleziono quizów pasujących do podanych kryteriów
Rozkład punktacji
Procent ludzi z każdym wynikiem
Percentyl według liczby udzielonych odpowiedzi
Twoja historia wyników
Nie rozwiązałeś tego quizu